By permission of His Honour the president, Sir, This is to acquaint you, that no sederunt of the Tuesday Club will be held this week.

Bibliographic Details
Corporate Author: Tuesday Club (Annapolis, Md.)
Other Authors: Green, Jonas, 1712-1767
Format: eBook
Language:English
Series:Early American imprints. Evans (1639-1800) ; no. 40806.
Subjects:
Online Access:Evans Digital Edition

MARC

Tag First Indicator Second Indicator Subfields
LEADER 00000cam a22000001a 4500
001 in00002138317
006 m e d #
007 cr mn mmmmabba
008 870806s1755 mdu s 000 0 eng d
005 20260330200414.9
035 |z w032391 
035 |a MAAR8708063905B 
035 |9 mwa91-25579 
035 |a 329611 
035 |a aas03032391 
040 |a MWA  |c MWA  |e bdrb  |d UtOrBLW 
110 2 |a Tuesday Club (Annapolis, Md.) 
245 1 0 |a By permission of His Honour the president, Sir, This is to acquaint you, that no sederunt of the Tuesday Club will be held this week. 
264 3 |a [Annapolis] :  |b [Printed by Jonas Green],  |c [1755] 
300 |a 1 sheet (1 unnumbered page) 
336 |a text  |b txt  |2 rdacontent 
337 |a computer  |b c  |2 rdamedia 
338 |a online resource  |b cr  |2 rdacarrier 
500 |a Signed: I am, sir, your very humble servant, Jonas Green, M.C.P.L. & H.S. Annapolis, July 15, 1755. 
500 |a Printed on green paper. Cf. Wroth. 
510 4 |a Bristol  |c B1781 
510 4 |a Shipton & Mooney  |c 40806 
510 4 |a Wroth, L.C. Maryland,  |c 187 
530 |a Microform version available in the Readex Early American Imprints series. 
533 |a Electronic text and image data.  |b [Chester, Vt. :  |c Readex, a division of Newsbank, Inc.,  |d 2002-2004.  |e Includes files in TIFF, GIF and PDF formats with inclusion of keyword searchable text.  |f (Early American imprints. First series ; no. 40806). 
500 |a Electronic resource. 
610 2 0 |a Tuesday Club (Annapolis, Md.) 
655 7 |a Broadsides.  |2 rbgenr 
700 1 |a Green, Jonas,  |d 1712-1767. 
752 |a United States  |b Maryland  |d Annapolis. 
830 0 |a Early American imprints.  |n Series I,  |p Evans (1639-1800) ;  |v no. 40806. 
856 4 1 |u http://proxy.library.tamu.edu/login?url=https://opac.newsbank.com/select/evans/40806  |y Evans Digital Edition  |t 0 
999 |a MARS 
999 f f |s 27128002-50d1-3b77-994d-3a42ea11f123  |i 0d0cae8a-a841-32bc-9e5f-f0f98609b837  |t 0 
952 f f |a Texas A&M University  |b College Station  |c Electronic Resources  |s www_evans  |d Available Online  |t 0  |h No information provided 
998 f f |t 0  |l Available Online